[Event "Sampa Chess Open - Local Piso Superior (ao lado da Renner) às 19h00"]
[Site "Shopping Metrô Tatuapé - Rua Domingos Agostim, 91, São Paulo/SP 03306-010"]
[Date "2024.02.03"]
[Round "8"]
[Board "14"]
[White "Simeao, Miguel Roberto Ranieri"]
[Black "Silva, Kaua Marques"]
[Result "0-1"]
[WhiteElo "1962"]
[BlackElo "2142"]
[PlyCount "84"]
[EventDate "2024.01.29"]
[EventRounds "9"]
[EventCountry "BRA"]

1. c4 e5 2. Nc3 Nc6 3. g3 g6 4. Bg2 Bg7 5. e4 Nge7 6. Nge2 d6 7. O-O h5 8. h4 Bg4
9. d3 Qd7 10. Kh2 O-O 11. Bg5 Kh7 12. Nd5 Ng8 13. b4 Nd8 14. Qd2 c6 15. Ndc3 Be6
16. Be3 Nh6 17. f3 d5 18. cxd5 cxd5 19. exd5 Bxd5 20. Nxd5 Qxd5 21. Rac1 Ne6 22.
Nc3 Qd7 23. Ne4 Rfd8 24. Rfd1 Nf5 25. Bf2 Nfd4 26. Be3 Nf5 27. Bf2 Qb5 28. Ng5+ Nxg5
29. hxg5 Bf8 30. Bc5 Bg7 31. Rc4 b6 32. Bf2 Rac8 33. Re4 Qa4 34. Re2 Nd4 35. Bxd4
Rxd4 36. Rb1 Rcd8 37. Rb3 Qd7 38. Re3 h4 39. g4 Qd6 40. Kh1 Rc8 41. Rc3 Qxb4 42.
Rc2 Qb1+  0-1

[Event "Sampa Chess Open - Local Piso Superior (ao lado da Renner) às 19h00"]
[Site "Shopping Metrô Tatuapé - Rua Domingos Agostim, 91, São Paulo/SP 03306-010"]
[Date "2024.02.03"]
[Round "8"]
[Board "15"]
[White "Ribeiro, Matheus Mendes Domingues"]
[Black "Cardoso, Maria Paula Da Silva"]
[Result "1-0"]
[WhiteElo "2130"]
[BlackElo "1780"]
[PlyCount "89"]
[EventDate "2024.01.29"]
[EventRounds "9"]
[EventCountry "BRA"]

1. c4 e5 2. Nc3 Nf6 3. Nf3 Nc6 4. e4 Be7 5. d4 exd4 6. Nxd4 Nxd4 7. Qxd4 d6 8. Be2
c6 9. O-O O-O 10. Rd1 Qb6 11. Qxb6 axb6 12. Bf4 Rd8 13. Rd2 Be6 14. Rad1 Ne8 15.
b3 Bf6 16. Na4 Ra6 17. e5 Be7 18. exd6 Bf8 19. h3 f6 20. c5 Rxa4 21. bxa4 bxc5 22.
Rb2 Rd7 23. a5 Kf7 24. a6 bxa6 25. Bxa6 Bxd6 26. Bc8 Rd8 27. Bxe6+ Kxe6 28. Re2+
Kf7 29. Bxd6 Rxd6 30. Rxd6 Nxd6 31. a4 c4 32. Kf1 Nb7 33. Ke1 h5 34. Ra2 Na5 35.
Kd2 Ke6 36. Kc3 c5 37. Rb2 Kd5 38. Rb5 Nb3 39. Rb8 Na5 40. Ra8 Nc6 41. a5 Nd4 42.
Rd8+ Kc6 43. Kxc4 Ne6 44. Rb8 Nc7 45. Rb6+  1-0

[Event "Sampa Chess Open - Local Piso Superior (ao lado da Renner) às 19h00"]
[Site "Shopping Metrô Tatuapé - Rua Domingos Agostim, 91, São Paulo/SP 03306-010"]
[Date "2024.02.03"]
[Round "8"]
[Board "16"]
[White "Melian, Juan Sebastian"]
[Black "Jenidarchiche, Douglas Rodrigo"]
[Result "1-0"]
[WhiteElo "2238"]
[BlackElo "1845"]
[PlyCount "79"]
[EventDate "2024.01.29"]
[EventRounds "9"]
[EventCountry "BRA"]

1. e4 e5 2. Nc3 Nc6 3. Bc4 Nf6 4. d3 Na5 5. Nge2 Nxc4 6. dxc4 Bc5 7. f3 a6 8. Qd3
d6 9. Be3 Be6 10. b3 Qd7 11. a4 Bxe3 12. Qxe3 h6 13. a5 Qe7 14. g4 g5 15. O-O-O Nd7
16. Ng3 Nb8 17. Kb2 Nc6 18. Ra1 O-O-O 19. Nd5 Qf8 20. h4 f6 21. h5 Kd7 22. Rhd1 Bxd5
23. cxd5 Ne7 24. c4 Rb8 25. Rdc1 Qd8 26. c5 Ke8 27. Rc2 Kf7 28. Rac1 c6 29. Rd2 cxd5
30. exd5 Rc8 31. Ne4 dxc5 32. d6 Nc6 33. Rxc5 Qd7 34. Qc3 Nd4 35. Rxd4 exd4 36. Qxd4
Qe6 37. Rf5 Kg7 38. Rxf6 Qd7 39. Rg6+ Kf8 40. Qxh8+  1-0

[Event "Sampa Chess Open - Local Piso Superior (ao lado da Renner) às 19h00"]
[Site "Shopping Metrô Tatuapé - Rua Domingos Agostim, 91, São Paulo/SP 03306-010"]
[Date "2024.02.03"]
[Round "8"]
[Board "17"]
[White "Saito, Vinicius"]
[Black "Sanches De Carvalho, Fabio"]
[Result "1-0"]
[WhiteElo "2147"]
[BlackElo "1838"]
[PlyCount "153"]
[EventDate "2024.01.29"]
[EventRounds "9"]
[EventCountry "BRA"]

1. e4 c5 2. Nf3 d6 3. Bb5+ Bd7 4. a4 Nc6 5. O-O Nf6 6. d3 a6 7. Bc4 e6 8. Re1 Be7
9. c3 Na5 10. Ba2 O-O 11. Nbd2 b5 12. axb5 axb5 13. Bb1 Qc7 14. Nf1 Nc6 15. Rxa8
Rxa8 16. Bg5 b4 17. d4 e5 18. Ne3 cxd4 19. cxd4 Bg4 20. Nf5 Bd8 21. d5 Na5 22. Ne3
Bh5 23. Bd3 Nb7 24. Bxf6 Bxf6 25. g4 Bg6 26. Nc4 Nc5 27. Qe2 h6 28. Kg2 Rc8 29. Rc1
Nb3 30. Re1 Nc5 31. Rc1 Nb3 32. Re1 Nc5 33. Ncd2 Qd7 34. h3 Be7 35. Ra1 Qb7 36. Bb5
Rb8 37. Bc6 Qb6 38. b3 Qc7 39. Qe3 Qc8 40. Kg3 Kh7 41. h4 f6 42. h5 Be8 43. Bxe8
Qxe8 44. Ra7 Qd8 45. Nh4 Ra8 46. Rxa8 Qxa8 47. Nf5 Qb7 48. Qe2 Kg8 49. Qc4 Kf7 50.
Kf3 Qa7 51. Ne3 Qa3 52. Ke2 Bd8 53. Qc2 Qa6+ 54. Nec4 Ke7 55. Qb2 Bc7 56. f3 Kd7
57. Nf1 Na4 58. Qd2 Nc3+ 59. Kf2 Bb6+ 60. Kg2 Bc5 61. Ng3 Nb1 62. Qb2 Na3 63. Nd2
Ke8 64. Ndf1 Qd3 65. Qe2 Qxe2+ 66. Nxe2 Nc2 67. Nc1 Bd4 68. Ng3 Kf7 69. Nf5 Ne3+
70. Nxe3 Bxe3 71. Na2 Bc5 72. Nc1 Bd4 73. Ne2 Bc5 74. Ng3 Kf8 75. Nf5 Kf7 76. Nh4
Kf8 77. Kf1  1-0

[Event "Sampa Chess Open - Local Piso Superior (ao lado da Renner) às 19h00"]
[Site "Shopping Metrô Tatuapé - Rua Domingos Agostim, 91, São Paulo/SP 03306-010"]
[Date "2024.02.03"]
[Round "8"]
[Board "18"]
[White "Vargas, Gabriela"]
[Black "Da Cunha, Gabriela Goes"]
[Result "1-0"]
[WhiteElo "2084"]
[BlackElo "1837"]
[PlyCount "100"]
[EventDate "2024.01.29"]
[EventRounds "9"]
[EventCountry "BRA"]

1. d4 Nf6 2. Nf3 e6 3. Bg5 c5 4. e3 cxd4 5. exd4 Be7 6. Nbd2 b6 7. Bxf6 Bxf6 8. Bd3
Bb7 9. Qe2 O-O 10. h4 g6 11. Rh3 Nc6 12. c3 d5 13. Kf1 Qc7 14. Re1 Rae8 15. Ne5 Nxe5
16. dxe5 Bg7 17. h5 f6 18. Nf3 fxe5 19. Nxe5 Bxe5 20. Qxe5 Qxe5 21. Rxe5 Rf6 22.
hxg6 hxg6 23. Rg5 Re7 24. Rh6 Kg7 25. Rgxg6+ Rxg6 26. Rxg6+ Kf7 27. Rh6 e5 28. Rh7+
Kf6 29. Rxe7 Kxe7 30. Ke2 Kf6 31. Ke3 Kg5 32. g3 Kg4 33. Be2+ Kf5 34. f4 e4 35. g4+
Kf6 36. Kd4 Bc6 37. c4 dxc4 38. Bxc4 Bb7 39. Bf1 Bc6 40. Ke3 Bd7 41. g5+ Kg6 42.
Kxe4 Bf5+ 43. Ke5 Bb1 44. Bc4 a5 45. Be6 b5 46. Bd5 Kg7 47. f5 Bd3 48. f6+ Kf8 49.
Be4 Bc4 50. b3 Bg8  1-0

[Event "Sampa Chess Open - Local Piso Superior (ao lado da Renner) às 19h00"]
[Site "Shopping Metrô Tatuapé - Rua Domingos Agostim, 91, São Paulo/SP 03306-010"]
[Date "2024.02.03"]
[Round "8"]
[Board "19"]
[White "Kropff, Ricardo"]
[Black "Branquinho, Eduardo De Medeiros"]
[Result "1-0"]
[WhiteElo "2052"]
[BlackElo "1815"]
[PlyCount "76"]
[EventDate "2024.01.29"]
[EventRounds "9"]
[EventCountry "BRA"]

1. e4 c5 2. Nf3 d6 3. d4 cxd4 4. Nxd4 Nf6 5. Nc3 a6 6. Be2 e5 7. Nb3 Be6 8. O-O Qc7
9. Bg5 Nbd7 10. a4 Be7 11. Re1 O-O 12. Bf3 Rac8 13. Re2 Rfd8 14. a5 h6 15. Bxf6 Nxf6
16. Nd5 Nxd5 17. exd5 Bf5 18. c3 Bg5 19. g3 Rf8 20. h4 Bd8 21. Ra4 Bd7 22. Rb4 f5
23. c4 g5 24. hxg5 hxg5 25. c5 Bb5 26. Rc2 Be7 27. c6 Kg7 28. Be2 bxc6 29. Bxb5 axb5
30. dxc6 f4 31. Rxb5 Rb8 32. Qd5 fxg3 33. fxg3 Qa7+ 34. Kg2 Qa6 35. Nc5 Rxb5 36.
Nxa6 Rxd5 37. Nc7 Rxa5 38. Ne6+ Kf7  1-0

[Event "Sampa Chess Open - Local Piso Superior (ao lado da Renner) às 19h00"]
[Site "Shopping Metrô Tatuapé - Rua Domingos Agostim, 91, São Paulo/SP 03306-010"]
[Date "2024.02.03"]
[Round "8"]
[Board "20"]
[White "Santos, Abel Cardoso Dos"]
[Black "Vargas, Goncalo Cintra"]
[Result "0-1"]
[WhiteElo "1854"]
[BlackElo "2041"]
[PlyCount "70"]
[EventDate "2024.01.29"]
[EventRounds "9"]
[EventCountry "BRA"]

1. e4 Nf6 2. e5 Nd5 3. d4 d6 4. c4 Nb6 5. f4 dxe5 6. fxe5 Nc6 7. Be3 Bf5 8. Nc3 e6
9. Nf3 Bg4 10. Qd2 Qd7 11. Be2 Bxf3 12. gxf3 O-O-O 13. O-O-O Bb4 14. a3 Na5 15. Kb1
Naxc4 16. Bxc4 Nxc4 17. Qd3 Nxe3 18. Qxe3 Bxc3 19. Qxc3 Qd5 20. Rd3 Rd7 21. b4 Rhd8
22. Rhd1 f6 23. exf6 gxf6 24. Kb2 e5 25. dxe5 Qxe5 26. Qxe5 fxe5 27. Kc3 Rxd3+ 28.
Rxd3 Rxd3+ 29. Kxd3 Kd7 30. b5 Ke6 31. Ke4 c5 32. bxc6 bxc6 33. a4 a5 34. h3 c5 35.
Kd3 Kd5  0-1

[Event "Sampa Chess Open - Local Piso Superior (ao lado da Renner) às 19h00"]
[Site "Shopping Metrô Tatuapé - Rua Domingos Agostim, 91, São Paulo/SP 03306-010"]
[Date "2024.02.03"]
[Round "8"]
[Board "21"]
[White "Fernandez Barrero, Javier"]
[Black "Santanna, Paulo"]
[Result "0-1"]
[WhiteElo "1743"]
[BlackElo "2021"]
[PlyCount "42"]
[EventDate "2024.01.29"]
[EventRounds "9"]
[EventCountry "BRA"]

1. e4 c5 2. Nf3 a6 3. g3 Nc6 4. d3 g6 5. Bg2 Bg7 6. O-O d6 7. Nbd2 Nf6 8. Nc4 O-O
9. Ne3 Rb8 10. Nd2 e6 11. f4 Ne7 12. g4 d5 13. e5 Ne8 14. g5 h5 15. Rf3 b5 16. Rh3
Nf5 17. Nxf5 exf5 18. Bf3 Nc7 19. Nb3 c4 20. Nd4 Ne6 21. Nc6 Qb6+  0-1

[Event "Sampa Chess Open - Local Piso Superior (ao lado da Renner) às 19h00"]
[Site "Shopping Metrô Tatuapé - Rua Domingos Agostim, 91, São Paulo/SP 03306-010"]
[Date "2024.02.03"]
[Round "8"]
[Board "23"]
[White "Ikejiri, Daniel Yoshito"]
[Black "Lima, Hamilton Da Silva"]
[Result "1-0"]
[WhiteElo "1916"]
[BlackElo "1778"]
[PlyCount "37"]
[EventDate "2024.01.29"]
[EventRounds "9"]
[EventCountry "BRA"]

1. e4 e5 2. Nf3 Nc6 3. d4 d6 4. dxe5 Nxe5 5. Nxe5 dxe5 6. Qxd8+ Kxd8 7. Nc3 c6 8.
Bc4 f6 9. Be3 Bb4 10. O-O Ne7 11. Rfd1+ Kc7 12. Ne2 Ng6 13. c3 Be7 14. a4 Bd7 15.
h3 Rhf8 16. a5 Rad8 17. Bxa7 Kc8 18. Bb6 Rde8 19. a6  1-0

[Event "Sampa Chess Open - Local Piso Superior (ao lado da Renner) às 19h00"]
[Site "Shopping Metrô Tatuapé - Rua Domingos Agostim, 91, São Paulo/SP 03306-010"]
[Date "2024.02.03"]
[Round "8"]
[Board "24"]
[White "Cruz, Natan Gomes"]
[Black "Matiuci, Bernardo Steinle"]
[Result "1-0"]
[WhiteElo "1888"]
[BlackElo "1546"]
[PlyCount "45"]
[EventDate "2024.01.29"]
[EventRounds "9"]
[EventCountry "BRA"]

1. e4 c5 2. Nf3 Nc6 3. Bb5 Nf6 4. Nc3 Qc7 5. O-O g6 6. Re1 d6 7. Nd5 Nxd5 8. exd5
a6 9. Bf1 Nb8 10. d4 Bg7 11. Bg5 f6 12. Be3 c4 13. a4 Bg4 14. a5 Nd7 15. Qe2 Rc8
16. Bh6 Bf8 17. Ra4 b5 18. axb6 Nxb6 19. Rxa6 Nxd5 20. Bxf8 Rxf8 21. Qe4 Bxf3 22.
gxf3 Qb7 23. Ra5  1-0

[Event "Sampa Chess Open - Local Piso Superior (ao lado da Renner) às 19h00"]
[Site "Shopping Metrô Tatuapé - Rua Domingos Agostim, 91, São Paulo/SP 03306-010"]
[Date "2024.02.03"]
[Round "8"]
[Board "25"]
[White "Rigonati, Eduardo Enrico Santana"]
[Black "Dos Santos Junior, Haroldo Cunha"]
[Result "1-0"]
[WhiteElo "1827"]
[BlackElo "2033"]
[PlyCount "99"]
[EventDate "2024.01.29"]
[EventRounds "9"]
[EventCountry "BRA"]

1. e4 e5 2. Nf3 Nc6 3. d4 exd4 4. Bc4 d6 5. Nxd4 Be7 6. Nc3 Nf6 7. O-O O-O 8. h3
Re8 9. Re1 Bf8 10. Bg5 h6 11. Bh4 Ne5 12. Bb3 a6 13. a4 g5 14. Bg3 Ng6 15. Qf3 Bg7
16. Nf5 Ne5 17. Bxe5 Rxe5 18. Nxg7 Kxg7 19. Nd5 Nxd5 20. Bxd5 f6 21. Qb3 Qe7 22.
f4 gxf4 23. Qf3 Rg5 24. h4 Rg6 25. Qxf4 c6 26. Bc4 Qe5 27. Qxe5 fxe5 28. Rf1 Be6
29. Bxe6 Rxe6 30. Ra3 Rf6 31. Rg3+ Kf7 32. Rxf6+ Kxf6 33. h5 d5 34. Rg6+ Kf7 35.
Rxh6 dxe4 36. Kf2 Rg8 37. Rg6 Rd8 38. Ke3 Rd4 39. b3 c5 40. Rb6 c4 41. g4 cxb3 42.
cxb3 Rd1 43. Kxe4 Re1+ 44. Kf5 e4 45. Rxb7+ Kf8 46. Kf4 e3 47. Kf3 e2 48. Kf2 Rg1
49. Kxe2 Rxg4 50. h6  1-0

[Event "Sampa Chess Open - Local Piso Superior (ao lado da Renner) às 19h00"]
[Site "Shopping Metrô Tatuapé - Rua Domingos Agostim, 91, São Paulo/SP 03306-010"]
[Date "2024.02.03"]
[Round "8"]
[Board "26"]
[White "Tsuboi, Edson Kenji"]
[Black "Dos Santos, Felipe Zeuli Biller"]
[Result "1-0"]
[WhiteElo "2200"]
[BlackElo "1538"]
[PlyCount "79"]
[EventDate "2024.01.29"]
[EventRounds "9"]
[EventCountry "BRA"]

1. e4 c5 2. Nf3 g6 3. d4 cxd4 4. Nxd4 Bg7 5. c4 Nc6 6. Be3 Nf6 7. Nc3 O-O 8. Be2
d6 9. O-O Nxd4 10. Bxd4 Be6 11. Re1 a6 12. Bd3 Rc8 13. Nd5 Bxd5 14. exd5 Re8 15.
Qd2 Nd7 16. Bxg7 Kxg7 17. Re3 Ne5 18. Be2 Kg8 19. b3 Qb6 20. Rd1 a5 21. Rh3 e6 22.
Qh6 exd5 23. Qxh7+ Kf8 24. Qh6+ Ke7 25. Rxd5 Kd7 26. Qd2 Qb4 27. f4 Qxd2 28. Rxd2
Nc6 29. Rhd3 Re6 30. c5 Rce8 31. Kf2 Nb4 32. Rxd6+ Rxd6 33. Rxd6+ Kc7 34. Bc4 Rd8
35. Rxd8 Kxd8 36. a4 Na2 37. g4 Ke7 38. h4 Kf6 39. Ke3 Nb4 40. Ke4  1-0

[Event "Sampa Chess Open - Local Piso Superior (ao lado da Renner) às 19h00"]
[Site "Shopping Metrô Tatuapé - Rua Domingos Agostim, 91, São Paulo/SP 03306-010"]
[Date "2024.02.03"]
[Round "8"]
[Board "27"]
[White "Munhoz, Joao Pedro"]
[Black "Carvalho Jr, Celestino"]
[Result "1/2-1/2"]
[WhiteElo "1608"]
[BlackElo "1939"]
[PlyCount "87"]
[EventDate "2024.01.29"]
[EventRounds "9"]
[EventCountry "BRA"]

1. c4 Nf6 2. Nf3 g6 3. g3 Bg7 4. Bg2 d6 5. O-O e5 6. Nc3 O-O 7. d3 Nc6 8. a3 Bd7
9. Qc2 Qc8 10. Re1 Re8 11. b4 e4 12. dxe4 Nxe4 13. Bb2 Bf5 14. Nxe4 Bxe4 15. Qd2
Qd8 16. Bxg7 Kxg7 17. Qc3+ Qf6 18. Rac1 Re7 19. Ng5 Qxc3 20. Rxc3 Bxg2 21. Kxg2 Rae8
22. e3 b6 23. Nh3 a5 24. Rb1 axb4 25. axb4 Ra8 26. Nf4 Ra4 27. Nd5 Rd7 28. f4 f5
29. Kf3 Ne7 30. e4 Ra2 31. exf5 Nxf5 32. h4 h5 33. Rd1 c5 34. Rcd3 Rb7 35. Nc3 Rc2
36. Nb5 Re7 37. Nxd6 Nd4+ 38. Rxd4 cxd4 39. Rxd4 Rc3+ 40. Kf2 Ra7 41. Ne4 Ra2+ 42.
Rd2 Rac2 43. Kg2 Kf7 44. Kh3  1/2-1/2

[Event "Sampa Chess Open - Local Piso Superior (ao lado da Renner) às 19h00"]
[Site "Shopping Metrô Tatuapé - Rua Domingos Agostim, 91, São Paulo/SP 03306-010"]
[Date "2024.02.03"]
[Round "8"]
[Board "28"]
[White "Gazineu Neto, Rubens"]
[Black "Blanco, Gustavo Jose Bachur"]
[Result "1-0"]
[WhiteElo "1912"]
[BlackElo "1491"]
[PlyCount "87"]
[EventDate "2024.01.29"]
[EventRounds "9"]
[EventCountry "BRA"]

1. e4 c5 2. Nf3 d6 3. d4 cxd4 4. Nxd4 Nf6 5. Nc3 a6 6. Be3 e5 7. Nb3 Be6 8. Qd2 Ng4
9. Bg5 f6 10. Bh4 g5 11. Bg3 Nd7 12. f3 Nh6 13. h4 g4 14. Bf2 Qc7 15. O-O-O O-O-O
16. Kb1 Kb8 17. Qe3 Nf7 18. Nd5 Bxd5 19. Rxd5 Nc5 20. fxg4 Rc8 21. c3 Nd8 22. Be2
Nc6 23. Rhd1 Ne6 24. g3 Be7 25. Nd2 Nc5 26. Nc4 Rcd8 27. Qf3 b5 28. Ne3 b4 29. Nf5
bxc3 30. Bxc5 dxc5 31. Qxc3 Nd4 32. Bxa6 Rxd5 33. exd5 Rg8 34. Nxd4 cxd4 35. Qf3
Ka7 36. Rc1 Qb6 37. Rc6 Qb4 38. a3 Qd2 39. Bb5 Qe1+ 40. Ka2 e4 41. Qb3 Qa5 42. Ra6+
Qxa6 43. Bxa6 Kxa6 44. Qa4+  1-0

[Event "Sampa Chess Open - Local Piso Superior (ao lado da Renner) às 19h00"]
[Site "Shopping Metrô Tatuapé - Rua Domingos Agostim, 91, São Paulo/SP 03306-010"]
[Date "2024.02.03"]
[Round "8"]
[Board "29"]
[White "Barberi, Catarina"]
[Black "Cristino, Felipe Borges"]
[Result "0-1"]
[WhiteElo "1524"]
[BlackElo "1890"]
[PlyCount "114"]
[EventDate "2024.01.29"]
[EventRounds "9"]
[EventCountry "BRA"]

1. d4 Nf6 2. Nf3 c5 3. d5 e6 4. c4 exd5 5. cxd5 g6 6. g3 d6 7. Bg2 Bg7 8. Nc3 O-O
9. O-O Na6 10. e4 Re8 11. Re1 b6 12. a3 Ng4 13. Bf4 Ne5 14. Nxe5 dxe5 15. Be3 Bf8
16. Qd2 Nc7 17. Rad1 Bd6 18. f3 a6 19. Na4 Nb5 20. b4 Nxa3 21. bxc5 Nc4 22. Qc1 Nxe3
23. Rxe3 bxc5 24. Nxc5 Qb6 25. Nb3 Bd7 26. Kh1 Rec8 27. Rc3 Rxc3 28. Qxc3 Ba4 29.
Rb1 Rb8 30. Bf1 Qb4 31. Qxb4 Rxb4 32. Nd2 Rxb1 33. Nxb1 Bb4 34. Bd3 Bb3 35. Kg2 a5
36. d6 Kf8 37. f4 f6 38. Kf3 a4 39. fxe5 fxe5 40. Kg4 a3 41. Nxa3 Bxa3 42. Kg5 Kg7
43. d7 Be7+ 44. Kg4 Be6+ 45. Kf3 Bxd7 46. Bf1 Kf6 47. h4 Ba4 48. Be2 Kg7 49. Kg2
Bc2 50. Kf3 h5 51. Bc4 Bb4 52. Bd5 Be1 53. Ba8 Bd1+ 54. Kg2 Kf6 55. Bc6 Ke7 56. Bd5
Bg4 57. Bg8 Be6  0-1

[Event "Sampa Chess Open - Local Piso Superior (ao lado da Renner) às 19h00"]
[Site "Shopping Metrô Tatuapé - Rua Domingos Agostim, 91, São Paulo/SP 03306-010"]
[Date "2024.02.03"]
[Round "8"]
[Board "30"]
[White "Jorge, Denrick Cabral Jose"]
[Black "Usui, Gabriella Yumi"]
[Result "1-0"]
[WhiteElo "1874"]
[BlackElo "1448"]
[PlyCount "137"]
[EventDate "2024.01.29"]
[EventRounds "9"]
[EventCountry "BRA"]

1. e4 c5 2. Nc3 Nc6 3. g3 g6 4. d3 Bg7 5. Be3 d6 6. Qd2 Nf6 7. Bh6 O-O 8. h4 Bxh6
9. Qxh6 Ng4 10. Qd2 h5 11. Nd5 Kg7 12. O-O-O Nge5 13. Be2 Rh8 14. c3 Qa5 15. Kb1
b5 16. d4 cxd4 17. cxd4 Qxd2 18. Rxd2 Nc4 19. Rd1 Rb8 20. b3 Na3+ 21. Kb2 b4 22.
Nxb4 Rxb4 23. d5 Ne5 24. Kxa3 Rxe4 25. Rc1 Bb7 26. f4 Ng4 27. Rc7 Bxd5 28. Bf3 Rd4
29. Bxd5 Rxd5 30. Nf3 Rd3 31. Ng5 Re3 32. Rf1 f6 33. Nf3 Ra8 34. Re1 Kf7 35. Rxe3
Nxe3 36. Nd4 a5 37. Nc6 Nf5 38. Ka4 Ke6 39. Nxa5 d5 40. b4 d4 41. Kb3 Kd5 42. Nc4
Ke4 43. b5 d3 44. b6 Rb8 45. a4 e5 46. Kc3 Nd4 47. fxe5 fxe5 48. Re7 Nc6 49. Re6
Kd5 50. Rd6+ Kc5 51. Rxd3 e4 52. Re3 Re8 53. a5 Nxa5 54. Nxa5 Kxb6 55. Nb3 Kc6 56.
Kd4 Kd6 57. Rxe4 Rf8 58. Rf4 Rd8 59. Ke4 Re8+ 60. Kf3 Rb8 61. Nd2 Ke6 62. Ne4 Rb3+
63. Kg2 Rb2+ 64. Kh3 Ke5 65. Ng5 Rb6 66. Nf3+ Ke6 67. g4 hxg4+ 68. Kxg4 Rb5 69. Nd4+
 1-0

[Event "Sampa Chess Open - Local Piso Superior (ao lado da Renner) às 19h00"]
[Site "Shopping Metrô Tatuapé - Rua Domingos Agostim, 91, São Paulo/SP 03306-010"]
[Date "2024.02.03"]
[Round "8"]
[Board "31"]
[White "De Paula, Luan Araujo"]
[Black "Barroso, Daniele Silva"]
[Result "1-0"]
[WhiteElo "1863"]
[BlackElo "1349"]
[PlyCount "97"]
[EventDate "2024.01.29"]
[EventRounds "9"]
[EventCountry "BRA"]

1. e4 c5 2. Nf3 Nc6 3. d4 cxd4 4. Nxd4 g6 5. Be3 Bg7 6. c4 Nf6 7. Nc3 O-O 8. Be2
d6 9. O-O Bd7 10. f3 Rc8 11. Qd2 h5 12. Rac1 a6 13. h3 Ne5 14. b3 Qa5 15. Nd5 Qd8
16. Bh6 Re8 17. Bxg7 Kxg7 18. f4 Nc6 19. Nxc6 Bxc6 20. Qd4 e5 21. fxe5 dxe5 22. Qf2
Re6 23. Rcd1 Bxd5 24. exd5 Rd6 25. c5 Rd7 26. b4 Ne4 27. Qe3 f5 28. d6 Qg5 29. Qxg5
Nxg5 30. Bc4 Kf6 31. a4 Ne6 32. Bxe6 Kxe6 33. a5 h4 34. Kf2 e4 35. Ke3 Ke5 36. Rd2
g5 37. Rfd1 f4+ 38. Ke2 e3 39. Rd5+ Kf6 40. Kf3 Rg8 41. b5 axb5 42. a6 Rb8 43. axb7
Rdxb7 44. c6 Ra7 45. c7 Rba8 46. Rxb5 Ra2 47. d7 Rf2+ 48. Ke4 Ra4+ 49. Kd5  1-0

[Event "Sampa Chess Open - Local Piso Superior (ao lado da Renner) às 19h00"]
[Site "Shopping Metrô Tatuapé - Rua Domingos Agostim, 91, São Paulo/SP 03306-010"]
[Date "2024.02.03"]
[Round "8"]
[Board "32"]
[White "Dionisio, Alex Monteiro"]
[Black "Martins De Aguiar, Marina"]
[Result "0-1"]
[WhiteElo "1514"]
[BlackElo "1862"]
[PlyCount "86"]
[EventDate "2024.01.29"]
[EventRounds "9"]
[EventCountry "BRA"]

1. e4 c5 2. Nf3 e6 3. d3 Nf6 4. g3 Be7 5. Bg2 d5 6. Qe2 Nc6 7. e5 Nd7 8. O-O O-O
9. h4 b5 10. Bf4 Bb7 11. Nbd2 Qc7 12. Rfe1 Rfc8 13. Nf1 Qd8 14. h5 h6 15. N1h2 c4
16. Ng4 cxd3 17. cxd3 Bf8 18. Qe3 Kh7 19. d4 Nb4 20. Re2 Qa5 21. a3 Nc6 22. Bf1 b4
23. Rd2 Ba6 24. Bd3+ Bxd3 25. Qxd3+ Kh8 26. Qe3 bxa3 27. bxa3 Ne7 28. Nh4 Rc3 29.
Rd3 Rac8 30. Qe1 Qc7 31. Rad1 Nb6 32. Ne3 Ng8 33. g4 Bxa3 34. g5 hxg5 35. Bxg5 Rxd3
36. Rxd3 Be7 37. f4 Qc1 38. Rd1 Qb2 39. Rd2 Qb3 40. Qf2 Rc1+ 41. Nf1 Nc4 42. Ra2
Ne3 43. Kh2 Ng4+  0-1

[Event "Sampa Chess Open - Local Piso Superior (ao lado da Renner) às 19h00"]
[Site "Shopping Metrô Tatuapé - Rua Domingos Agostim, 91, São Paulo/SP 03306-010"]
[Date "2024.02.03"]
[Round "8"]
[Board "33"]
[White "Hirota Da Silva, Nilton"]
[Black "Simao, Davi Ribeiro"]
[Result "1-0"]
[WhiteElo "1827"]
[BlackElo "1320"]
[PlyCount "63"]
[EventDate "2024.01.29"]
[EventRounds "9"]
[EventCountry "BRA"]

1. d4 d5 2. Nf3 Nf6 3. e3 Bf5 4. Bd3 Bxd3 5. Qxd3 e6 6. O-O Nbd7 7. b3 Bd6 8. Bb2
O-O 9. Nbd2 c5 10. Rfe1 Qc7 11. c4 cxd4 12. exd4 dxc4 13. Nxc4 Rac8 14. Rac1 Qb8
15. h3 Rc6 16. Nce5 Rxc1 17. Rxc1 Bxe5 18. dxe5 Nd5 19. Re1 Rc8 20. Ng5 g6 21. Qf3
Rf8 22. Qg4 h5 23. Qg3 N7b6 24. Nxe6 Rc8 25. Ng5 Rc2 26. Bd4 Rxa2 27. Nxf7 Kh7 28.
Ng5+ Kg8 29. Ne4 Qe8 30. Rc1 Qf7 31. Qg5 Nf4 32. Nf6+  1-0

[Event "Sampa Chess Open - Local Piso Superior (ao lado da Renner) às 19h00"]
[Site "Shopping Metrô Tatuapé - Rua Domingos Agostim, 91, São Paulo/SP 03306-010"]
[Date "2024.02.03"]
[Round "8"]
[Board "34"]
[White "Moreira, Paulo Vinicius Macedo"]
[Black "De Oliveira, Lucas Silva"]
[Result "1-0"]
[WhiteElo "1711"]
[BlackElo "1800"]
[PlyCount "57"]
[EventDate "2024.01.29"]
[EventRounds "9"]
[EventCountry "BRA"]

1. d4 Nf6 2. Nf3 g6 3. c4 Bg7 4. g3 O-O 5. Bg2 d6 6. O-O Nbd7 7. Nc3 c5 8. dxc5 Nxc5
9. Re1 Nfe4 10. Nxe4 Nxe4 11. Qc2 Nc5 12. e4 h6 13. Be3 e5 14. Rad1 Qc7 15. b3 f5
16. Nh4 Kh7 17. exf5 Bxf5 18. Nxf5 Rxf5 19. Rd5 Raf8 20. Red1 R5f6 21. Bxc5 dxc5
22. Rd7 Qa5 23. Rxb7 Rxf2 24. Qxf2 Rxf2 25. Kxf2 Qxa2+ 26. Kg1 Qa6 27. Rdd7 Qf6 28.
Rxa7 h5 29. Rxg7+  1-0

[Event "Sampa Chess Open - Local Piso Superior (ao lado da Renner) às 19h00"]
[Site "Shopping Metrô Tatuapé - Rua Domingos Agostim, 91, São Paulo/SP 03306-010"]
[Date "2024.02.03"]
[Round "8"]
[Board "35"]
[White "Da Rocha, Lucas Sampaio"]
[Black "Nunes, Rafael Klanfer"]
[Result "1-0"]
[WhiteElo "1647"]
[BlackElo "1789"]
[PlyCount "89"]
[EventDate "2024.01.29"]
[EventRounds "9"]
[EventCountry "BRA"]

1. e4 c5 2. Nf3 d6 3. c3 Nf6 4. Be2 e5 5. O-O Be7 6. d3 O-O 7. h3 h6 8. Nbd2 Nbd7
9. Re1 d5 10. Bf1 d4 11. Nc4 Qc7 12. cxd4 cxd4 13. a4 Bb4 14. Bd2 Bxd2 15. Qxd2 Ne8
16. Rec1 Qb8 17. Nh4 Nd6 18. Nxd6 Qxd6 19. Nf5 Qb6 20. b4 Nf6 21. a5 Qd8 22. Ng3
Bd7 23. f4 Qe7 24. Rc5 exf4 25. Nf5 Bxf5 26. Rxf5 Rac8 27. Be2 Rc3 28. Rf1 g5 29.
h4 Nd7 30. hxg5 hxg5 31. g3 f6 32. gxf4 Rf7 33. fxg5 Rg7 34. Bg4 Ne5 35. Be2 Rxg5+
36. Rxg5+ fxg5 37. Rf5 Nf7 38. Bh5 Rc6 39. Bxf7+ Kg7 40. Bh5 Kh6 41. Bg4 Rg6 42.
Rc5 Kg7 43. Qh2 Rc6 44. Rxc6 bxc6 45. Qb8  1-0